Kadra Szwajcarii Na Euro 2020 - Statystyki

Ogólne statystyki
  • Ten quiz został rozwiązany 41 razy
  • Średni wynik to 13 z 26
Statystyki odpowiedzi
Hint Odpowiedź % Poprawnych
Bramkarz Sommer
100%
Pomocnik Shaqiri
94%
Pomocnik Xhaka
91%
Napastnik Seferović
84%
Napastnik Embolo
78%
Obrońca Akanji
72%
Obrońca Rodriguez
69%
Napastnik Gavranović
66%
Obrońca Schar
66%
Obrońca Elvedi
56%
Pomocnik Freuler
56%
Obrońca Mbabu
56%
Pomocnik Zakaria
56%
Pomocnik Vargas
50%
Napastnik Mehmedi
44%
Pomocnik Zuber
41%
Bramkarz Mvogo
38%
Obrońca Widmer
34%
Pomocnik Fernandes
31%
Pomocnik Sow
31%
Pomocnik Fassnacht
25%
Bramkarz Omlin
16%
Obrońca Comert
9%
Obrońca Lotomba
6%
Obrońca Benito
3%
Obrońca Omeragić
3%
Nie znaleziono quizów pasujących do podanych kryteriów
Rozkład punktacji
Procent ludzi z każdym wynikiem
Percentyl według liczby udzielonych odpowiedzi
Twoja historia wyników
Nie rozwiązałeś tego quizu